00811 2200289 4500001002100000005001500021007000300036008004100039020001800080035002000098040001200118041000800130082001200138084001800150090002200168100003000190245008600220250001200306264003700318300003300355336002100388337003000409338002300439650002300462850001000485990002600495INLIS00000000000675520260411010826ta260411 0  a979-514-767-6 a0010-0622000090 aSBPUPAD0 aind a372.634 a372.634 TIM t a372.634 TIM t 9-90 aTim Bakti GuruePengarang1 aTangkas Menulis Tegak Bersambung Untuk Sekolah Dasar Kelas Tiga /cTim Bakti Guru a.-Cet.7 a.--Bandung :bRosda Karya,c2005 av,54 hlm. :billus. ;c23 cm 2rdacontentaTeks 2rdamediaaTanpa Perantara 2rdacarrieravolume 4aMedia Pembelajaran aPUPAD a1649/H/ARPUS/PDG/2007